Missouri Alumni - Statistics

General Stats
  • This quiz has been taken 6 times
  • The average score is 14 of 25
Answer Stats
Hint Answer % Correct
Small forward who plays for the Denver Nuggets Michael Porter Jr.
100%
Actor, "Ocean's Eleven" "Fight Club" "Once Upona Time in Hollywood" Brad Pitt
83%
Founder of Walmart Sam Walton
83%
Actor, "Mad Men" "The Town" "Baby Driver" Jon Hamm
67%
Actress and wife of Steven Spielberg, "Indiana Jones and the Temple of Doom" Kate Capshaw
67%
Pitcher who plays for the Texas Rangers and three time Cy Young Award winner Max Scherzer
67%
Linebacker who plays for the Kansas City Chiefs Nick Bolton
67%
Owner of Arsenal F.C., Los Angeles Rams, Denver Nuggets and Colorado Avalanche Stan Kroenke
67%
Football coach at Purdue since 2025 and former coach at his alma mater from 2016 to 2019 Barry Odom
50%
Senator from Missouri from 2007 to 2019 Claire McCaskill
50%
Actor, "Patton" "Dr. Strangelove" "The Hustler" George C. Scott
50%
Governor of Missouri from 2009 to 2017 Jay Nixon
50%
Filipino-American shooting guard who plays for the Utah Jazz Jordan Clarkson
50%
Senator from New Mexico since 2013 Martin Heinrich
50%
Governor of Missouri from 1993 until 2000 Mel Carnahan
50%
Former defensive lineman and first openly gay player in the NFL Michael Sam
50%
Playwright, "A Streetcar Named Desire" "Cat on a Hot Tin Roof" Tennesee Williams
50%
Senator from Virginia since 2013, Governor of Virginia from 2006 to 2010 and Democratic nominee for vice president in the 2016 election Tim Kaine
50%
Actor, "Platoon" "Major League" "Sniper" Tom Berenger
50%
Founder of Panda Express Andrew Cherng
33%
Senator from Montana from 1989 to 2007 Conrad Burns
33%
Actor, "Anchorman" "The Office" "Talladega Nights" David Koechner
33%
Former second baseman who played most notably for the Texas Rangers and Detroit Tigers Ian Kinsler
33%
Senator from Georgia from 1993 until 2000 Paul Coverdell
33%
Governor of Oregon from 2003 to 2011 Ted Kulongoski
33%
No matching quizzes found
Score Distribution
Percent of People with Each Score
Percentile by Number Answered
Your Score History
You have not taken this quiz